000 00423nam a2200169 4500
005 20260206152439.0
008 260206b |||||||| |||| 00| 0 eng d
020 _a978 93 7307 343 9
041 _aEnglish
082 _aX 823.914 GHO
_bB12204
100 _aGhosh, Amitav
245 _aGhost Eye : Novel
260 _aNew Delhi
_bFourth Estate
_c2026
300 _a325p
_bpb
365 _aRupaye
_b558
_cINR
942 _cBK
999 _c370355
_d370355